000 00882nam a2200301 a 4500
999 _c6393
_d6393
001 6393
003 BD-JhCC
005 20180122183942.0
008 180122s2005 njua e 001 0 eng d
020 _a9780764583292 (pbk.)
020 _a0764583298 (pbk.) :
_c£19.99
035 _a(BD-JhCC)6393
040 _aBD-JhCC
_dBD-JhCC
041 _aeng
082 0 4 _a005.446
_222
_bMCF 2005
100 1 _aMcFedries, Paul.
245 1 0 _aWindows XP simplified /
_cby Paul McFedries.
250 _aService pack 2 ed.
260 _aHoboken, N.J. :
_bWiley Pub.,
_c2005.
300 _a227 p. :
_bcol. ill. ;
_c26 cm.
500 _aPrevious ed. by: Ruth Maran. 2001.
500 _aIncludes index.
650 0 _aOperating systems (Computers)
700 1 _aMaran, Ruth,
_d1970-
_tWindows XP simplified.
830 0 _aVisual read less, learn more
942 _2ddc
_cBK